00305nam a22000857a 4500008004100000040005500041080002700096245003700123260005900160240730b |||||||| |||| 00| 0 eng d aNational Science LibrarycNational Science Library a331.024(083.4)(519) K8 aHandbook of manpower statistics  aKorea:bManpower Development research Institute,c1968